| 000 | 00923nam a22002177a 4500 | ||
|---|---|---|---|
| 003 | JO-AjAnu | ||
| 005 | 20231129124332.0 | ||
| 008 | 231129b jo ||||| |||| 00| 0 ara d | ||
| 020 | _a978977393144X | ||
| 040 |
_aJO-AjAnu _bARA _cJO-AjAnu _dJO-AjAnu |
||
| 041 | 0 |
_aARA _hARA |
|
| 050 |
_aTC812. _bI8582 2020 |
||
| 100 | 1 |
_aاسماعيل، سمير محمد _964551 _eمؤلف |
|
| 245 | 0 |
_aتخطيط وتصميم وادارة نظم الري الحقلي = Planning Design and Management of Field Irrigation Systems / _cسمير محمد اسماعيل |
|
| 250 | _aالطبعة الثالثة | ||
| 260 |
_aالاسكندرية : _bمكتبة بستان المعرفة، _c2020 |
||
| 300 | _a526 صفحة | ||
| 500 | _aيحتوي على قائمة بالمراجع باللغتين العربية والانجليزية | ||
| 650 | 4 | 0 |
_aالزراعة-الري _964552 _vالزراعة-الري |
| 942 |
_2lcc _cBK _n0 |
||
| 999 |
_c33199 _d33199 |
||